| 000 | 01289nam a2200325Ia 4500 | ||
|---|---|---|---|
| 001 | ebr10204244 | ||
| 003 | CaPaEBR | ||
| 006 | m u | ||
| 007 | cr cn||||||||| | ||
| 008 | 080328s2007 cauacf sb 001 0 eng d | ||
| 010 | _z 2008297531 | ||
| 020 | _z9780123739797 | ||
| 020 | _z0123739799 | ||
| 040 |
_aCaPaEBR _cCaPaEBR |
||
| 035 | _a(OCoLC)647691922 | ||
| 050 | 1 | 4 |
_aRC692 _b.S724 2007eb |
| 100 | 1 |
_aSteinberg, Daniel, _d1922- |
|
| 245 | 1 | 4 |
_aThe cholesterol wars _h[electronic resource] : _bthe skeptics vs. the preponderance of evidence / _cDaniel Steinberg. |
| 250 | _a1st ed. | ||
| 260 |
_aSan Diego, Calif. : _bAcademic Press, _c2007. |
||
| 300 |
_axx, 227 p., [3] p. of plates : _bill. (some color), ports. |
||
| 504 | _aIncludes bibliographical references and index. | ||
| 533 |
_aElectronic reproduction. _bPalo Alto, Calif. : _cebrary, _d2009. _nAvailable via World Wide Web. _nAccess may be limited to ebrary affiliated libraries. |
||
| 650 | 0 | _aAtherosclerosis. | |
| 650 | 0 | _aAnticholesteremic agents. | |
| 650 | 0 | _aStatins (Cardiovascular agents) | |
| 655 | 7 |
_aElectronic books. _2local |
|
| 710 | 2 | _aebrary, Inc. | |
| 856 | 4 | 0 |
_uhttp://site.ebrary.com/lib/rucke/Doc?id=10204244 _zAn electronic book accessible through the World Wide Web; click to view |
| 999 |
_c120497 _d120497 |
||